| 000 | 00600nam a22002177a 4500 | ||
|---|---|---|---|
| 999 |
_c2636 _d2636 |
||
| 003 | OSt | ||
| 005 | 20210715102356.0 | ||
| 008 | 210715b ||||| |||| 00| 0 eng d | ||
| 020 | _a 0395907683 | ||
| 020 | _a9780395907689 | ||
| 040 | _cALUPE UNIVERSITY | ||
| 050 |
_aQA276 _b.B684 1999 |
||
| 100 | _a Charles Henry Brase; | ||
| 245 |
_aUnderstandable statistics : _bconcepts and methods |
||
| 250 | _a6th | ||
| 260 |
_a Boston : _bHoughton Mifflin, _c1999. |
||
| 300 | _a775p | ||
| 650 | _2 EstadÃstica matemática. | ||
| 700 | _aCorrinne Pellillo Brase | ||
| 942 |
_2lcc _cBK _nDO |
||